000 00805nam a22002297a 4500
003 OSt
005 20251204105743.0
008 251204b |||||||| |||| 00| 0 eng d
020 _a92-9061-194-4.
040 _aDWC-Main lib.
_cOC
082 _aGR. 362.5 In61 2005
110 _aWorld Health Organization
245 _aIntegrating poverty and gender into health programmes :
_ba sourcebook for health professionals : module on gender-based violence/
_cWorld Health Organization
260 _aGeneva, Switzerland :
_bWHO Press,
_cc2005.
300 _avi, 65 p. :
_bcolor illustrations ;
_c28 cm.
650 _a1. Education, Professional.
650 _a2. Gender identity.
650 _a3. National health programmes.
650 _a4. Poverty.
650 _a5. Violence.
942 _2ddc
_cGR
_kGR.
_n0
999 _c6815
_d6815